| 000 | 00496nam a22001937a 4500 | ||
|---|---|---|---|
| 999 |
_c13721 _d13721 |
||
| 003 | OSt | ||
| 005 | 20250910122240.0 | ||
| 008 | 250910b ||||| |||| 00| 0 eng d | ||
| 020 | _a9789394168473 | ||
| 040 | _aBMSCA | ||
| 041 | _aeng | ||
| 082 |
_223rd _bJai |
||
| 100 | _aJain, Jinisha | ||
| 245 |
_aGate-2023 _bArchitecture and planning-:Vol 2 |
||
| 260 |
_aNew Delhi: _bG.K. Publications(P) LTD, _c C2022 |
||
| 300 |
_a800p:. _c80cm. |
||
| 504 | _aI t includes bibliography. | ||
| 942 | _2ddc | ||